000 01394pam a2200265 i 4500
003 KPN
005 20260410171044.0
008 20260410b 00| 0 my d
020 _a9789673884544
_qpaperback
_cRM39.00
040 _cKPN
082 0 4 _a297.122 MAA 2019
_223
090 0 0 _a297.122 MAA 2019
_bMAA
100 0 _aMohd. Azrul Azlen Abd. Hamid,
_cDr.,
_eauthor.
245 1 0 _aTadabbur surah Yusuf:
_bCerita sahih daripada al-Quran/
_cDr. Mohd Azrul Azlen Abd Hamid, Muhammad Faris Izzuddin Radzuan; Editor Syariah: Muhammad Nazmi Zafran Shafie
264 1 _aKuala Lumpur :
_bTelaga Biru Sdn. Bhd.,
_c2019
300 _axix, 275 pages :
_bcolour illustrations ;
_c23 cm
500 _aContains verses from the Qur'an
504 _aBibliography: page 275 Kisah Nabi Yusuf a.s merupakan antara kisah terbaik disebabkan oleh banyak faktor dari segi pengisahan dan isi kandungannya. Kisah agung ini memaparkan gambaran sifat sabar seorang hamba yang menghadapi ujian yang sangat berat daripada ujian dibuang oleh adik-beradik sendiri, dilemparkan fitnah melakukan perbuatan keji, dimasukkan ke dalam penjara serta pelbagai perkara lagi.
630 0 0 _aQur'an.
_pSurat Yusuf
_xCriticism, interpretation, etc.
630 0 0 _aQur'an
_xAppreciation
630 0 0 _aQur'an
_xReadings
700 0 _aMuhammad Faris Izzuddin Radzuan,
_eauthor.
700 0 _aMuhammad Nazmi Zafran Shafie,
_eeditor.
942 _2ddc
_c1
_n0
999 _c1805
_d1805